| 000 | 01120nam a2200217Ia 4500 | ||
|---|---|---|---|
| 999 |
_c16113 _d16113 |
||
| 003 | OSt | ||
| 005 | 20210825104007.0 | ||
| 008 | 160316s1998 xxu||||| |||| 00| 0 eng d | ||
| 020 | _a9780803979970 | ||
| 040 | _cn | ||
| 082 |
_a364.153000 _bCOL |
||
| 100 | _aColler Richard | ||
| 245 | _aMasculinities, crime and criminology | ||
| 260 |
_aLondon _bSage Publications _c1998 |
||
| 300 |
_a205p _cxiii |
||
| 365 | _bRs.1,112.90 | ||
| 505 | _aTable of contents Sex, Gender and the (Criminal) Bodies of Men; Sex, Gender and the (Criminal) Bodies of Men; Boys' Own Stories? Law, Criminology and (Un)Sexy Bodies; The `Trouble with Boys'? The Child, the Social and the Dangerous Other; `A Lonely Man with a Passion for Guns'; Crime, Community and the Heterosexualized Body; Absent Fathers, Criminal Sons and Straight Men; The Heterosexual Family and the Family of Crime; Concluding Remarks; `Taking Masculinity Seriously'? Theory, Practice and the (Hetero)Sexing of Criminology | ||
| 650 | _a1. Criminology - Sexual Offences 2. Criminology - Sexual Offences - Masculinities | ||
| 700 |
_a _a |
||
| 942 |
_2ddc _cBK |
||